000 00838nam a2200265 a 4500
001 73610
003 BD-RjUL
005 20211209082422.0
008 170605r19701969enka b 001 0 d
020 _a0582442184 (v.2)
035 _a(BD-RjUL)73828
040 _aWOO
_cWOO
_beng
_dBD-RjUL
041 _aeng
082 _223
_a547
_bFIO 1970
090 _aQD251
_b.F565
100 1 _aFinar, I. L.
_q(Ivor Lionel)
_9118602
245 1 0 _aOrganic chemistry /
_cI.L. Finar.
250 _aE.L.B.S 4th ed.
260 _aLondon :
_bLongman,
_c1969[ Reprinted 1970 ].
300 _av. :
_bill. ;
_c26 cm.
504 _aIncludes bibliographical references and indexes.
505 0 _av. 1 The fundamental principles -- v. 2 Stereochemistry and the chemistry of natural products --
650 0 _aChemistry, Organic.
_9209975
942 _2ddc
_cBK
999 _c73610
_d73610